| 000 | 00359 a2200157 4500 | ||
|---|---|---|---|
| 003 | Nust | ||
| 005 | 20230321130431.0 | ||
| 040 | _cNust | ||
| 082 | _a355.0092,RAS | ||
| 100 | _aRashid, Saeed | ||
| 245 |
_aTazkira e Shahuda/ _cSaeed Rashid |
||
| 260 |
_aJehlum _bBook Corner |
||
| 300 | _a410 p. | ||
| 650 |
_aJang _9110869 |
||
| 942 |
_2ddc _cBK _k355.0092,RAS |
||
| 999 |
_c187628 _d187628 |
||